Prínos manažmentu verejných financií k zabezpečovaniu rodovej rovnosti: skúsenosti vybraných krajín

Zabezpečenie rodovej rovnosti je jednou z kľúčových podmienok dosiahnutia dlhodobého rozvoja spoločnosti. Na zabezpečenie rodovej rovnosti sa využíva množstvo nástrojov verejnej politiky. Predkladaný článok sa zaoberá prepojením a prínosom manažmentu verejných financií k zabezpečeniu, resp. zvyšovan...

Descrizione completa

Salvato in:
Dettagli Bibliografici
Autore principale: Petrenko, Yuliya, 1985-
Altri autori: Boór, Matej, 1988-
Natura: Capitolo di libro
Lingua:slovacco
Soggetti:
Tags: Aggiungi Tag
Nessun Tag, puoi essere il primo ad aggiungerne!!

MARC

LEADER 00000naa$a2200000$$$4500
001 0290183
005 20240502074444.7
041 0 |a slo 
044 |a SK 
245 1 0 |a Prínos manažmentu verejných financií k zabezpečovaniu rodovej rovnosti: skúsenosti vybraných krajín  |c Yuliya Petrenko, Matej Boór 
520 |a Zabezpečenie rodovej rovnosti je jednou z kľúčových podmienok dosiahnutia dlhodobého rozvoja spoločnosti. Na zabezpečenie rodovej rovnosti sa využíva množstvo nástrojov verejnej politiky. Predkladaný článok sa zaoberá prepojením a prínosom manažmentu verejných financií k zabezpečeniu, resp. zvyšovaniu rodovej rovnosti skrz implementáciu rodovo citlivého rozpočtovania. Neoddeliteľnou súčasťou príspevku je taktiež prehľad skúseností vybraných krajín s implementáciou rodovo citlivého rozpočtovania. Záverom príspevku je poukázanie na skutočnosť, že medzi manažmentom verejných financií a rodovou rovnosťou existuje prepojenie, ale samotná reforma manažmentu verejných financií nemusí automaticky viesť k zvýšeniu rodovej rovnosti, ale skôr vedie k príprave vhodnej pôdy pre implementáciu rodovo citlivého rozpočtovania. 
610 2 0 |a financie verejné 
610 2 0 |a rovnosť rodová 
610 2 0 |a manažment 
610 2 0 |a rozpočtovanie 
610 2 0 |a plánovanie strategické 
100 1 |a Petrenko, Yuliya, 1985- 
700 1 |a Boór, Matej, 1988-